Chemicals for pest control (Record no. 22465)

MARC details
000 -LEADER
fixed length control field 00322nam a2200133Ia 4500
082 ## - DEWEY DECIMAL CLASSIFICATION NUMBER
Classification number 632.95
Item number HAR
100 ## - MAIN ENTRY--AUTHOR NAME
Personal name HARTLEY, G S
245 #0 - TITLE STATEMENT
Title Chemicals for pest control
260 ## - PUBLICATION, DISTRIBUTION, ETC. (IMPRINT)
Place of publication London
Name of publisher Pergamon
Year of publication 1969
650 ## - SUBJECT ADDED ENTRY--TOPICAL TERM
Topical Term Pest control
700 ## - ADDED ENTRY--PERSONAL NAME
Personal name WEST, T F
942 ## - ADDED ENTRY ELEMENTS (KOHA)
Koha item type Books
Holdings
Withdrawn status Lost status Damaged status Not for loan Home library Current library Date acquired Full call number Accession Number Koha item type
        RRII Library RRII Library 16/12/2021 632.95 HAR 03185 Books